LDR 00748naa#a2200169#i#450# 001 RU\\bibl\122406 005 20260630141218.2 011 ## _a2414-3995 100 ## _a20260311b2026####ek#y0rusy0150####ca 102 ## _aRU 200 1# _aПрофессиональные стандарты и досрочная пенсия: проблемы правоприменения _eЖурнальная статья 210 1# _aМосква _cМосковский университет МВД России имени В.Я. Кикотя _d2026 215 ## _a5 с. 608 ## _aЖурнальная статья _2local 700 #1 _aТитор _gСветлана Евгеньевна 700 #1 _aБикманова _gАдиля Камильевна 856 4# _amosumvd.editorum.ru _u